000 00663nam a2200193Ia 4500
008 151119s9999||||xx |||||||||||||| ||und||
082 _a891.4609
082 _bGKKV15900
100 _aहेरवाडकर रघुनाथ विनायक
245 _aमराठी बरवर
260 _aपुणे
260 _bव्हीनस प्रकाशन
260 _c1957
600 _aहेरवाडकर रघुनाथ विनायक
630 _aमराठी बरवर
700 _aहेरवाडकर रघुनाथ विनायक
730 _aमराठी बरवर
942 _cBOOK
999 _c1069228
_d1069225